000 00638nam a2200193 i 4500
001 141855
003 ES-MaACL
005 20250808083603.0
007 t|
008 070928s1919 sp ||||1| spa d
100 1 _aViñas Dausá, Narciso.
_9115380
245 1 3 _aEl tesoro canónico parroquial /
_cpor Narciso María Viñas Dausá.
260 _aMadrid :
_bM.G. Hernández,
_c1919.
300 _a2 v. ;
_c28 cm.
505 8 _aContiene : I. Derecho general eclesiástico - II. Parte civil, administrativa y comercial
650 7 _aDerecho canónico-
_zEspaña
_2
_9157976
852 _aES-MaACL
_jG-6050-51
999 _c141855
_d141855